| 000 | 00403nam a22001697a 4500 | ||
|---|---|---|---|
| 003 | MPLRDC | ||
| 005 | 20220104113914.0 | ||
| 008 | 210129b ||||| |||| 00| 0 eng d | ||
| 020 | _a962-447-329-3 | ||
| 082 | _a857.7 YQ v.20 | ||
| 100 | _a严沁 | ||
| 245 |
_a没有爱情的故事 _c |
||
| 260 |
_a _b勤加缘出版社 _c1993 |
||
| 300 | _b平 | ||
| 650 | _a长篇小说 | ||
| 942 |
_cBK _o857.7 YQ v.20 |
||
| 999 |
_c3275 _d3265 |
||